| 000 | 01678cam a2200349 i 4500 | ||
|---|---|---|---|
| 001 | 9067 | ||
| 003 | FISKH | ||
| 005 | 20251118144743.0 | ||
| 008 | 120224s2011 enka j 000 0 eng | ||
| 010 | _a 2012360185 | ||
| 020 |
_a9780194645652 _qpbk. |
||
| 020 |
_a0194645657 _qpbk. |
||
| 020 |
_a9780194645751 _qactivity book |
||
| 020 | _a9780194645652 | ||
| 020 |
_a9780194646055 _qaudio CD |
||
| 035 | _a17180598 | ||
| 040 |
_aDLC _beng _erda _cDLC _dDLC |
||
| 050 | _aPE1126.A4 Q4563 | ||
| 082 | _a428.6 | ||
| 100 | 1 |
_aQuinn, Robert, _eauthor. |
|
| 245 | 1 | 0 |
_aEarth then and now / _cRobert Quinn. |
| 260 |
_aNew York: _bOxford University Press, _c2010. |
||
| 300 |
_a56 pages : _bcolor illustrations ; _c21 cm. |
||
| 490 | 0 |
_aOxford read and discover. _vDiscover! 6 |
|
| 520 | _aThis exciting new series of non-fiction readers provides interesting and educational content, with activities and project work. The readers are graded at four levels, from 3 to 6, suitable for students from age 8 and older. They can support Content and Language Integrated Learning (CLIL), andcover a broad range of topics, within three curriculum areas:The World of Science and TechnologyThe Natural WorldThe World of Arts and Social StudiesAlso available for each reader:Activity BookAudio CD Pack (Reader and Audio CD)Teacher's Notes and CLIL guidance at www.oup.com/elt/readanddiscover | ||
| 650 | 0 |
_aEarth sciences _vJuvenile literature. |
|
| 651 | 0 |
_aEarth (Planet) _vJuvenile literature. |
|
| 655 | 7 |
_aLiterature. _2lcgft _0https://id.loc.gov/authorities/genreForms/gf2014026415 |
|
| 906 |
_a7 _bcbc _corigres _d2 _encip _f20 _gy-gencatlg |
||
| 942 |
_2ddc _cBK _n0 |
||
| 999 |
_c9067 _d9067 |
||